A malacelhullás gyakoriságának vizsgálata az egyes évszakokban
Elmentve itt :
| Szerző: | |
|---|---|
| További közreműködők: | |
| Dokumentumtípus: | Szakdolgozat |
| Megjelent: |
1973
|
| Kulcsszavak: | Sertéstenyésztés Elhullás, malac |
| Tárgyszavak: | |
| Online Access: | http://diploma.bibl.u-szeged.hu/97869 |
| LEADER | 00749nta a2200229 i 4500 | ||
|---|---|---|---|
| 001 | dipl97869 | ||
| 005 | 20220124085827.0 | ||
| 008 | 220108s1973 hu om 0|| hun d | ||
| 040 | |a SZTE Diploma Repozitórium |b hun | ||
| 041 | |a hun | ||
| 100 | 1 | |a Frank Erzsébet | |
| 245 | 1 | 2 | |a A malacelhullás gyakoriságának vizsgálata az egyes évszakokban |h [elektronikus dokumentum] / |c Erzsébet Frank |
| 260 | |c 1973 | ||
| 300 | |a 30 | ||
| 650 | 4 | |a Agrár | |
| 650 | 4 | |a Agricultural sciences | |
| 650 | 4 | |a Veterinary science | |
| 650 | 4 | |a Veterinary medicine | |
| 695 | |a Sertéstenyésztés | ||
| 695 | |a Elhullás, malac | ||
| 700 | 1 | |a nincs megadva |e ths | |
| 856 | 4 | 0 | |u http://diploma.bibl.u-szeged.hu/id/eprint/97869/1/1973_frank_erzsebet.pdf |z Dokumentum-elérés |